Marketing Strategies

Salvato in:
Dettagli Bibliografici
Autore principale: Ďaďo, Jaroslav
Ente Autore: Univerzita Mateja Bela v Banskej Bystrici. Ekonomická fakulta
Altri autori: Táborecká-Petrovičová, Janka
Natura: Libro
Lingua:inglese
Pubblicazione: Banská Bystrica Matej Bel University 2013
Serie:Eruditio Mores Futurum
Soggetti:
Tags: Aggiungi Tag
Nessun Tag, puoi essere il primo ad aggiungerne!!

MARC

LEADER 00000nam a2200000 4500
001 0194778
005 20240226122601.4
020 |a 978-80-557-0555-2 
041 0 |a eng 
044 |a SK 
245 1 0 |a Marketing Strategies  |c Jaroslav Ďaďo, Janka Táborecká-Petrovičová 
264 1 |a Banská Bystrica  |b Matej Bel University  |c 2013 
300 |a 225 s. 
490 1 |a Eruditio Mores Futurum 
830 0 |a Eruditio Mores Futurum 
610 2 0 |a stratégia marketingová 
610 2 0 |a analýzy 
610 2 0 |a prostredie podnikové 
610 2 0 |a segmentácia 
610 2 0 |a produkty 
610 2 0 |a marketing 
610 2 0 |a spoločnosti 
610 2 0 |a audit 
610 2 0 |a kontroling 
610 2 0 |a plán marketingový 
100 1 |a Ďaďo, Jaroslav 
700 1 |a Táborecká-Petrovičová, Janka 
710 2 |a Univerzita Mateja Bela v Banskej Bystrici. Ekonomická fakulta